| 000 | 00532nam a2200157Ia 4500 | ||
|---|---|---|---|
| 040 | _cBNT | ||
| 082 | _a339 TCD 2001 C148 Or. | ||
| 245 | 0 | 0 |
_aCooperation South : _bgetting connected: information and communications technology for development |
| 260 |
_aNew York, N.Y. : _bTCDC United Nations Development Programme, _c2001 |
||
| 300 |
_a161 p. : _bill ; _c23 cm |
||
| 650 | 0 | _aInformation technology | |
| 650 | 0 | _aSouthern Hemisphere | |
| 710 | 1 | _aUnited Nations | |
| 710 | 1 | _aUnited Nations Development Programme. | |
| 942 | _cAEDBB | ||
| 999 |
_c18565 _d18565 |
||